Las claves del arte oriental: cómo identificarlo

Guardat en:
Dades bibliogràfiques
Autor principal: García-Ormaechea, Carmen (Autor)
Format: Llibre
Idioma:espanyol
Publicat: Barcelona Arín 1988
Col·lecció:Las Claves del arte. Serie estilos, 6
Matèries:
Etiquetes: Afegir etiqueta
Sense etiquetes, Sigues el primer a etiquetar aquest registre!

MARC

LEADER 00000nam a2200000 a 4500
001 UCX6308
003 CL-VaPUC
008 930512e19880000SP |||||||||||||||||spa|d
082 0 4 |a 709.5  |b GAR  |2 21 
100 |a García-Ormaechea, Carmen  |e author  |9 322736 
245 1 4 |a Las claves del arte oriental: cómo identificarlo 
300 |a 78 p 
942 |c BK 
945 |d 19930512 00:00:00 
260 |a Barcelona  |b Arín  |c 1988 
650 0 |a Arte oriental  |9 314876 
583 |a last modification  |c 19930512 00:00:00  |k Rodrigo Vera 
490 0 |a Las Claves del arte. Serie estilos, 6 
999 |c 226342  |d 226340 
952 |0 0  |1 0  |4 0  |6 709_500000000000000_GAR_1988  |7 0  |8 A  |9 224623  |a BIBHIS  |b BIBHIS  |d 2019-11-15  |i 2934000  |o 709.5 GAR 1988  |p 2934000  |r 2025-01-20  |w 2019-11-15  |y BK  |k HIS